LEADER 01182nas 2200409 a 450 001 996204854803316 005 20221206201955.0 011 $a1878-5948 035 $a(OCoLC)38492330 035 $a(CKB)954926246555 035 $a(CONSER) 2005233375 035 $a(DE-599)ZDB2016274-1 035 $a(EXLCZ)99954926246555 100 $a19980223b19931998 sy 101 0 $aeng 135 $aurmnu||||| 200 10$aAdvanced cement based materials 210 $a[New York] $cElsevier Science Pub. Co.$d1993-1998 300 $aTitle from contents screen (ScienceDirect, viewed Oct. 17, 2005). 300 $aRefereed/Peer-reviewed 311 $a1065-7355 517 3 $aACBM 531 $aADV CEM BASED MATER 531 $aADV CEM B M 531 $aADVANCED CEMENT BASED MATERIALS ACBM 531 0 $aAdv. cem. based mater. 531 1 $aAdv. cem. based mater. 606 $aCement$vPeriodicals 606 $aConcrete$vPeriodicals 608 $aPeriodicals. 615 0$aCement 615 0$aConcrete 712 02$aAmerican Concrete Institute. 906 $aJOURNAL 912 $a996204854803316 996 $aAdvanced cement based materials$91897867 997 $aUNISA